| 000 | 00921nmc a2200313 a 4500 | ||
|---|---|---|---|
| 003 | AR-BaBNM | ||
| 005 | 20251128211715.0 | ||
| 008 | 175120s2005 ||||||||||||||000 | spa|| | ||
| 020 | _a987-1004-91-5 | ||
| 040 | _cAR-BaBNM | ||
| 245 | 1 | 0 |
_aEl trabajo infantil no es juego _binvestigaciones sobre trabajo infanto-adolescente en Argentina (1900-2003) |
| 260 |
_aBuenos Aires _bEditorial Stella _c2005 _bLa Crujía |
||
| 300 | 0 | _a317 p. | |
| 490 | 0 | _aItinerarios | |
| 504 | _aBibliografía en p. 305-317 | ||
| 650 | 4 | _aTRABAJO DE MENORES | |
| 650 | 4 | _aADOLESCENTES | |
| 650 | 4 | _aMERCADO DE TRABAJO | |
| 650 | 4 | _aPOLITICA SOCIAL | |
| 650 | 4 | _aINVESTIGACION SOCIAL | |
| 650 | 4 | _aLEGISLACION DEL TRABAJO | |
| 651 | 4 | _aArgentina | |
| 700 | 1 |
_aMacri, Mariela _edirector |
|
| 700 | 1 | _aFord, Myriam | |
| 700 | 1 | _aBerliner, Carolina | |
| 700 | 1 | _aMolteni, María Julia | |
| 942 | _cBK | ||
| 998 | _cme-solo cat | ||
| 999 |
_c20798 _d20798 |
||